Loading...
Any History | 7 | 12.86 | 100% | 29% | 0% |
Current Events | 3 | 20.00 | 100% | 100% | 0% |
Fine Arts - Classical Music | 8 | 10.00 | 88% | 13% | 0% |
Fine Arts - Other Fine Arts | 8 | 16.25 | 100% | 63% | 0% |
Geography | 4 | 12.50 | 75% | 50% | 0% |
History - American History | 7 | 12.86 | 86% | 43% | 0% |
History - European History | 8 | 16.25 | 88% | 63% | 13% |
History - World History | 4 | 12.50 | 100% | 25% | 0% |
Literature - American Literature | 8 | 15.00 | 100% | 38% | 13% |
Literature - British Literature | 8 | 18.75 | 100% | 50% | 38% |
Literature - European Literature | 5 | 16.00 | 80% | 60% | 20% |
Literature - World Literature | 9 | 14.44 | 89% | 33% | 22% |
Mythology | 2 | 15.00 | 100% | 50% | 0% |
Other Academic | 4 | 15.00 | 100% | 50% | 0% |
Painting & Sculpture | 7 | 15.71 | 86% | 57% | 14% |
Philosophy | 5 | 10.00 | 80% | 20% | 0% |
Religion | 7 | 11.43 | 86% | 29% | 0% |
Science - Biology | 9 | 10.00 | 89% | 11% | 0% |
Science - Chemistry | 10 | 9.00 | 80% | 10% | 0% |
Science - Other Science | 4 | 5.00 | 50% | 0% | 0% |
Science - Physics | 5 | 12.00 | 100% | 20% | 0% |
Social Science | 9 | 16.67 | 100% | 56% | 11% |